[Event "Styrian op U14/16 20th"]
[Site "Mureck"]
[Date "2013.08.07"]
[Round "8"]
[White "Kaefer, Christina"]
[Black "Gooss, Christoph"]
[Result "0-1"]
[WhiteElo "854"]
[BlackElo "1497"]
[PlyCount "46"]
[EventDate "2013.07.31"]
[EventType "swiss"]
[EventRounds "9"]
[EventCountry "AUT"]
[SourceTitle "EXT 2015"]
[Source "ChessBase"]
[SourceDate "2014.11.20"]
[SourceVersion "1"]
[SourceVersionDate "2014.11.20"]
[SourceQuality "1"]

1. e4 e5 2. Nf3 Nc6 3. Bc4 Bc5 4. Nc3 Nf6 5. Ng5 0-0 6. Nxf7 Rxf7 7. Bxf7+ Kxf7 8. d3 d6 9. Bg5 Be6 10. 0-0 h6 11. Be3 Bd4 12. Re1 Qd7 13. Nb5 a6 14. Nxd4 exd4 15. Bf4 g5 16. Bd2 Rg8 17. h3 h5 18. c3 g4 19. hxg4 Bxg4 20. Qb3+ Ke7 21. cxd4 Bf3 22. Re3 Qh3 23. Kf1 Qxg2+ 0-1

[Event "Styrian op U14/16 20th"]
[Site "Mureck"]
[Date "2013.08.05"]
[Round "6"]
[White "Hoegl, Emanuel"]
[Black "Gooss, Christoph"]
[Result "1-0"]
[WhiteElo "1844"]
[BlackElo "1497"]
[PlyCount "83"]
[EventDate "2013.07.31"]
[EventType "swiss"]
[EventRounds "9"]
[EventCountry "AUT"]
[SourceTitle "EXT 2015"]
[Source "ChessBase"]
[SourceDate "2014.11.20"]
[SourceVersion "1"]
[SourceVersionDate "2014.11.20"]
[SourceQuality "1"]

1. d4 g6 2. c4 c5 3. d5 b5 4. cxb5 d6 5. Nc3 Nf6 6. Nf3 a6 7. e4 axb5 8. Bxb5+ Bd7 9. Bxd7+ Nbxd7 10. 0-0 Bg7 11. Bd2 Qb6 12. Qc2 0-0 13. Rab1 Rfb8 14. Rfc1 Ng4 15. b3 Nge5 16. Nxe5 Nxe5 17. a4 Qa6 18. Nb5 Rxb5 19. axb5 Qxb5 20. Bc3 Rb8 21. Bxe5 Bxe5 22. Qc4 Qa5 23. Qd3 Qb4 24. Rc4 Qb5 25. Qc2 Qa5 26. Ra4 Qb5 27. Qc4 Qxc4 28. Rxc4 Rb4 29. Rxb4 cxb4 30. h3 f6 31. Kf1 Bd4 32. Ke2 Kf7 33. f3 e6 34. Kd3 Bc5 35. Ra1 exd5 36. exd5 f5 37. Ra5 Kf6 38. Kc4 Bf2 39. Rb5 Bc5 40. Rxc5 dxc5 41. Kxc5 Ke5 42. d6 1-0

[Event "Vienna 4Kids op"]
[Site "Vienna"]
[Date "2010.12.11"]
[Round "9.8"]
[White "Kacsics, Rafael"]
[Black "Gooss, Christoph"]
[Result "1-0"]
[WhiteElo "1313"]
[BlackElo "1287"]
[PlyCount "115"]
[EventDate "2010.10.26"]
[EventType "swiss"]
[EventRounds "9"]
[EventCountry "AUT"]
[SourceTitle "EXT 2024"]
[Source "ChessBase"]
[SourceDate "2023.10.10"]
[SourceVersion "1"]
[SourceVersionDate "2023.10.10"]
[SourceQuality "1"]

1. e4 e5 2. Nf3 Nc6 3. Bc4 Bc5 4. d3 Nf6 5. Bg5 d6 6. h3 h6 7. Bh4 Be6 8. Nc3 Qd7 9. Bxf6 gxf6 10. Nh4 0-0-0 11. Qf3 Nd4 12. Qd1 f5 13. Bxe6 fxe6 14. Nf3 fxe4 15. Nxd4 Bxd4 16. dxe4 Qf7 17. Qd2 Rhg8 18. g3 Rg6 19. Rf1 Rf8 20. Nb5 Rf6 21. Nxd4 exd4 22. Qxd4 b6 23. Rd1 e5 24. Qd5 Qxd5 25. exd5 Kd7 26. Ra1 Rc8 27. c4 c6 28. Ke2 cxd5 29. cxd5 Rc2+ 30. Ke3 Rxb2 31. h4 h5 32. f3 Rg2 33. Rg1 Rxg1 34. Rxg1 Rf8 35. Rc1 a5 36. Rb1 Kc7 37. Rc1+ Kb7 38. Rc6 Rf6 39. g4 hxg4 40. fxg4 Ka6 41. h5 Rf4 42. Rxd6 Rxg4 43. Re6 Rg5 44. d6 Rxh5 45. d7 Rh3+ 46. Ke4 Rh4+ 47. Kxe5 Rb4 48. d8Q Rb5+ 49. Kf6 Rb2 50. Re8 Rf2+ 51. Ke5 Re2+ 52. Kf4 Rxe8 53. Qxe8 a4 54. Qxa4+ Kb7 55. Ke5 b5 56. Qxb5+ Kc8 57. Kd6 Kd8 58. Qd7# 1-0